| 000 | 01072nam a2200217Ia 4500 | ||
|---|---|---|---|
| 999 |
_c38327 _d38327 |
||
| 001 | 4337 | ||
| 003 | GE_BSU | ||
| 005 | 20191009142301.0 | ||
| 008 | 181216s1960||||ge |||||||||||||| ||geo|| | ||
| 040 | _cGE_BSU | ||
| 080 | _a347(479.22) ფ–98 | ||
| 100 |
_aფურცელაძე, დ. _93909 |
||
| 245 |
_aსამოქალაქოს სჯულვილება: _b XVIII საუკუნის მიწურულის კანონპროექტთა კრებული / _cრედ. თ. წერეთელი. |
||
| 264 |
_aთბ. : _bსაქ. სსრ მეცნ. აკად. გამ-ბა და სტ., _c1960. |
||
| 300 |
_a102 გვ. : _b1ფ. ილ. ; _c22 სმ. |
||
| 504 | _aბიბლიოგრ. შენიშვნებში. | ||
| 653 | _aქართული სამართლის ძეგლები | ||
| 700 |
_aწერეთელი, თ. _eრედაქტორი _94653 |
||
| 710 |
_aსაქ. სსრ მეცნ. აკადემია _94654 |
||
| 942 |
_cBK _2udc |
||